Informatics practices : a text book for class XII [14th ed.] (Record no. 57045)
[ view plain ]
| 000 -LEADER | |
|---|---|
| fixed length control field | 00523nam a2200193Ia 4500 |
| 005 - DATE AND TIME OF LATEST TRANSACTION | |
| control field | 20260603120908.0 |
| 008 - FIXED-LENGTH DATA ELEMENTS--GENERAL INFORMATION | |
| fixed length control field | 260603s9999||||xx |||||||||||||| ||und|| |
| 020 ## - INTERNATIONAL STANDARD BOOK NUMBER | |
| International Standard Book Number | 9788177002379 |
| 020 ## - INTERNATIONAL STANDARD BOOK NUMBER | |
| Qualifying information | pbk |
| 082 ## - DEWEY DECIMAL CLASSIFICATION NUMBER | |
| Classification number | 004.21 |
| Item number | ARO.14E |
| 100 ## - MAIN ENTRY--PERSONAL NAME | |
| Personal name | Arora, Sumita |
| 245 #0 - TITLE STATEMENT | |
| Title | Informatics practices : a text book for class XII [14th ed.] |
| 250 ## - EDITION STATEMENT | |
| Edition statement | 14th ed. 2023 |
| 260 ## - PUBLICATION, DISTRIBUTION, ETC. | |
| Place of publication, distribution, etc. | New Delhi |
| Name of publisher, distributor, etc. | Dhanpat Rai |
| Date of publication, distribution, etc. | 2023 |
| 300 ## - PHYSICAL DESCRIPTION | |
| Extent | xiv, 604p. ; 26cm. |
| 653 ## - INDEX TERM--UNCONTROLLED | |
| Uncontrolled term | Competitive exams |
| 653 ## - INDEX TERM--UNCONTROLLED | |
| Uncontrolled term | Computer Science |
| 942 ## - ADDED ENTRY ELEMENTS (KOHA) | |
| Koha item type | Book |
| Withdrawn status | Lost status | Damaged status | Not for loan | Collection code | Home library | Current library | Shelving location | Date acquired | Source of acquisition | Total Checkouts | Full call number | Barcode | Date last seen | Price effective from | Koha item type |
|---|---|---|---|---|---|---|---|---|---|---|---|---|---|---|---|
| Competitive Exam Collection | LRC, IIT Indore | LRC, IIT Indore | 2nd Floor - Competitive Exam Collection | 03/06/2026 | Gratis Book Price: INR 625.00 | 004.21 ARO.14E | G2818 | 03/06/2026 | 03/06/2026 | Competitive Exam Collection |
